[Event "Titled Tuesday intern op 30th Apr Early"]
[Site "Chess.com INT"]
[Date "2024.04.30"]
[Round "8"]
[White "Goryachkina, Aleksandra"]
[Black "Oro, Faustino"]
[Result "0-1"]
[WhiteElo "2553"]
[BlackElo "2330"]
[PlyCount "68"]
[EventDate "2024.04.30"]
[EventType "swiss (blitz)"]
[EventRounds "11"]
[EventCountry "USA"]
[SourceTitle "CB19_2024"]
[SourceDate "2024.05.08"]
[SourceVersion "1"]
[SourceVersionDate "2024.05.08"]
[SourceQuality "1"]

1. d4 Nf6 2. Nf3 d5 3. c4 e6 4. Nc3 dxc4 5. e3 a6 6. a4 Bb4 7. Bxc4 0-0 8. 0-0 Nbd7 9. Qe2 Qe7 10. e4 e5 11. d5 h6 12. Bd2 Bd6 13. a5 Rd8 14. h3 Nf8 15. Rfe1 Ng6 16. Rab1 Bd7 17. Nd1 c6 18. Nc3 Rac8 19. Rbc1 Bb4 20. Red1 cxd5 21. Nxd5 Nxd5 22. Bxd5 Bb5 23. Qe3 Bxd2 24. Qxd2 Nf4 25. Rxc8 Rxc8 26. Kh2 Be2 27. Rc1 Rxc1 28. Qxc1 Bxf3 29. Qc8+ Kh7 30. gxf3 Qg5 31. Qg4 Qf6 32. Bxb7 g6 33. Bd5 Kg7 34. Qd7 Ne2 0-1

[Event "Titled Tuesday intern op 30th Apr Early"]
[Site "Chess.com INT"]
[Date "2024.04.30"]
[Round "11"]
[White "Oro, Faustino"]
[Black "Dragnev, Valentin"]
[Result "1-0"]
[WhiteElo "2330"]
[BlackElo "2571"]
[PlyCount "117"]
[EventDate "2024.04.30"]
[EventType "swiss (blitz)"]
[EventRounds "11"]
[EventCountry "USA"]
[SourceTitle "CB19_2024"]
[SourceDate "2024.05.08"]
[SourceVersion "1"]
[SourceVersionDate "2024.05.08"]
[SourceQuality "1"]

1. Nf3 Nf6 2. g3 d5 3. Bg2 g6 4. 0-0 Bg7 5. d3 0-0 6. Nbd2 c5 7. e4 Nc6 8. Re1 dxe4 9. dxe4 e5 10. c3 Qc7 11. Qc2 Rd8 12. a4 h6 13. h3 Be6 14. Bf1 Na5 15. b3 Rac8 16. Nc4 Nxc4 17. bxc4 Ne8 18. Nd2 Nd6 19. Kh2 h5 20. Nf3 Bxc4 21. Bxc4 Nxc4 22. Bg5 f6 23. Bc1 Rd6 24. Qe2 Qf7 25. Nh4 Na5 26. Be3 b6 27. f4 exf4 28. gxf4 Re8 29. Qg2 Rde6 30. Bf2 f5 31. e5 Bh6 32. Be3 Kh7 33. Rad1 Rg8 34. Qd5 Nc6 35. Nf3 Qe7 36. Qc4 g5 37. fxg5 Bg7 38. Bf4 Nxe5 39. Qd5 Nxf3+ 40. Qxf3 Re8 41. Qxh5+ Kg8 42. Rxe6 Qxe6 43. Rd2 Qe1 44. Rg2 Qe4 45. Rf2 Qe1 46. Bg3 Qe4 47. g6 Qd3 48. h4 Re3 49. Qh7+ Kf8 50. Bf4 Re4 51. Qh5 Rxf4 52. Rxf4 Qd2+ 53. Kg3 Be5 54. Qxf5+ Kg8 55. Qxe5 Qd3+ 56. Kg4 Qe2+ 57. Qxe2 Kg7 58. Qe7+ Kh6 59. Qh7# 1-0

[Event "Titled Tuesday intern op 30th Apr Early"]
[Site "Chess.com INT"]
[Date "2024.04.30"]
[Round "3"]
[White "Oro, Faustino"]
[Black "Vakhidov, Jahongir"]
[Result "0-1"]
[WhiteElo "2330"]
[BlackElo "2599"]
[PlyCount "102"]
[EventDate "2024.04.30"]
[EventType "swiss (blitz)"]
[EventRounds "11"]
[EventCountry "USA"]
[SourceTitle "CB19_2024"]
[SourceDate "2024.05.08"]
[SourceVersion "1"]
[SourceVersionDate "2024.05.08"]
[SourceQuality "1"]

1. e4 c5 2. Nf3 Nc6 3. Bb5 e6 4. 0-0 Nge7 5. Re1 Ng6 6. c3 Be7 7. d4 cxd4 8. cxd4 d5 9. e5 0-0 10. Nc3 Bd7 11. Be3 Be8 12. Bd3 h6 13. h3 f6 14. exf6 Rxf6 15. Nh2 Bd6 16. Ne2 Rf8 17. Ng3 Nf4 18. Bb1 Qf6 19. Ng4 Qe7 20. a3 h5 21. Nh2 g6 22. Ne2 Qf6 23. Nxf4 Bxf4 24. Qd2 Bxe3 25. fxe3 g5 26. Rf1 Qg7 27. Bd3 Bg6 28. Bb5 Be4 29. Bd3 Ne7 30. Nf3 Bxf3 31. gxf3 Nf5 32. Rae1 Rf7 33. Bxf5 Rxf5 34. e4 Rf4 35. exd5 Rxd4 36. Qc3 exd5 37. Re6 Rf8 38. Rfe1 Rdf4 39. Qd3 Qd4+ 40. Qxd4 Rxd4 41. Rg6+ Kh7 42. Rxg5 Rxf3 43. Rxh5+ Kg6 44. Rh8 Rd2 45. b4 Rg3+ 46. Kh1 Rxa3 47. Rg1+ Kf6 48. Rh5 Raa2 49. Rf1+ Ke7 50. Rh6 Rh2+ 51. Kg1 Rag2# 0-1

[Event "Titled Tuesday intern op 30th Apr Early"]
[Site "Chess.com INT"]
[Date "2024.04.30"]
[Round "1"]
[White "Ramirez Vido, Robert Yorisan"]
[Black "Oro, Faustino"]
[Result "0-1"]
[WhiteElo "2104"]
[BlackElo "2330"]
[PlyCount "168"]
[EventDate "2024.04.30"]
[EventType "swiss (blitz)"]
[EventRounds "11"]
[EventCountry "USA"]
[SourceTitle "CB19_2024"]
[SourceDate "2024.05.08"]
[SourceVersion "1"]
[SourceVersionDate "2024.05.08"]
[SourceQuality "1"]

1. d4 Nf6 2. e3 d5 3. Bd3 c5 4. dxc5 Qa5+ 5. Nc3 Qxc5 6. Nf3 Nc6 7. 0-0 Bg4 8. h3 Bh5 9. Be2 e6 10. Nd4 Bxe2 11. Qxe2 Be7 12. Nb3 Qb6 13. e4 dxe4 14. Nxe4 0-0 15. Nxf6+ Bxf6 16. c3 Rad8 17. Be3 Qc7 18. Rad1 b6 19. Rxd8 Rxd8 20. Rd1 h6 21. Rxd8+ Qxd8 22. Qd2 Qc7 23. Nd4 Ne5 24. Bf4 Qc4 25. Bxe5 Bxe5 26. Nf3 Bf6 27. a3 Qe4 28. Kf1 g6 29. Ne1 Kg7 30. Qd3 Qf4 31. g3 Qc1 32. Qc2 Qa1 33. Ke2 Qa2 34. Ng2 Qc4+ 35. Qd3 Qb3 36. Qd2 Qb5+ 37. Ke1 Qf5 38. h4 Qe4+ 39. Kf1 b5 40. Kg1 a5 41. Ne3 Kg8 42. Qe2 Qc6 43. Qd3 h5 44. Ng2 Qc5 45. Nf4 Kg7 46. Qe2 Qf5 47. Ng2 Qb1+ 48. Kh2 Qc1 49. Ne3 Be7 50. Qc2 Qe1 51. Kg2 Qa1 52. Qe2 b4 53. axb4 axb4 54. cxb4 Bxb4 55. Qc2 Qa8+ 56. Kg1 Be7 57. Qc4 Qf3 58. b3 Bf6 59. Qd3 Qc6 60. Qc4 Qb6 61. Qd3 Bd4 62. Nc2 Bxf2+ 63. Kg2 Bc5 64. b4 Bxb4 65. Qd4+ Qxd4 66. Nxd4 Kf6 67. Ne2 Ke5 68. Kf3 Bc5 69. Nf4 Kf5 70. Nh3 e5 71. Ng5 f6 72. Ne4 Bb4 73. Nf2 Bc5 74. Ne4 Bb6 75. Nd2 Ke6 76. Nc4 Bc5 77. Nd2 f5 78. Nb3 Kd5 79. Nd2 Kd4 80. Nb3+ Kc4 81. Nd2+ Kd3 82. Nf1 Bd6 83. Ne3 e4+ 84. Kf2 Bc5 0-1

[Event "Titled Tuesday intern op 16th Apr Early"]
[Site "Chess.com INT"]
[Date "2024.04.16"]
[Round "8"]
[White "Cahaya, Satria Duta"]
[Black "Oro, Faustino"]
[Result "1-0"]
[WhiteElo "2184"]
[BlackElo "2330"]
[PlyCount "103"]
[EventDate "2024.04.16"]
[EventType "swiss (blitz)"]
[EventRounds "11"]
[EventCountry "USA"]
[SourceTitle "CB17_2024"]
[SourceDate "2024.04.24"]
[SourceVersion "1"]
[SourceVersionDate "2024.04.24"]
[SourceQuality "1"]

1. e4 e5 2. Nf3 Nc6 3. Bc4 Bc5 4. 0-0 Nf6 5. d3 0-0 6. h3 h6 7. Nbd2 d6 8. c3 a5 9. Re1 Ba7 10. Nf1 Ne7 11. Ng3 Ng6 12. d4 exd4 13. cxd4 d5 14. exd5 Nxd5 15. Bd2 c6 16. Qc2 Nge7 17. Rad1 Be6 18. a3 Qc7 19. Bc1 Rad8 20. Ne5 Rfe8 21. Ba2 f6 22. Bb1 f5 23. Nh5 Nc8 24. Qd2 Nd6 25. Nf4 Ne4 26. Bxe4 fxe4 27. Nxe6 Rxe6 28. Rxe4 Nf6 29. Ree1 Rxd4 30. Nd3 Red6 31. Re3 R4d5 32. Rf3 Ne4 33. Qe2 Nxf2 34. Qe8+ Kh7 35. Rf8 g5 36. Rh8+ Kg7 37. Qg8+ Kf6 38. Rxh6+ Kf5 39. Qf8+ Ke4 40. Qf3+ Kd4 41. Nxf2+ Kc4 42. Qc3+ Kb5 43. a4+ Ka6 44. Rxd6 Qxd6 45. Qc4+ b5 46. axb5+ cxb5 47. Qxd5 Qg3 48. Qf3 Qe5 49. Qc6+ Bb6 50. Qc8+ Ka7 51. Rd7+ Bc7 52. Rxc7+ 1-0

[Event "Titled Tuesday intern op 16th Apr Early"]
[Site "Chess.com INT"]
[Date "2024.04.16"]
[Round "6"]
[White "Weishaeutel, Moritz"]
[Black "Oro, Faustino"]
[Result "1/2-1/2"]
[WhiteElo "2379"]
[BlackElo "2330"]
[PlyCount "130"]
[EventDate "2024.04.16"]
[EventType "swiss (blitz)"]
[EventRounds "11"]
[EventCountry "USA"]
[SourceTitle "CB17_2024"]
[SourceDate "2024.04.24"]
[SourceVersion "1"]
[SourceVersionDate "2024.04.24"]
[SourceQuality "1"]

1. e4 e5 2. d4 exd4 3. Qxd4 Nf6 4. e5 Nc6 5. Qe3 Nd5 6. Qe4 Nb6 7. Nf3 Be7 8. Nc3 d6 9. exd6 cxd6 10. Bg5 Be6 11. Bxe7 Qxe7 12. 0-0-0 0-0-0 13. Bb5 Qc7 14. Ng5 Rde8 15. Nxe6 Rxe6 16. Qg4 g6 17. Bc4 Nxc4 18. Qxc4 a6 19. Nd5 Qa5 20. Kb1 Kb8 21. Qf4 f5 22. Ne3 Qe5 23. Qa4 Rhe8 24. Qa3 Qc5 25. Qb3 f4 26. Nd5 Nd4 27. Qd3 Qxd5 28. Qxd4 Qxg2 29. Qxf4 Re2 30. b3 Rxf2 31. Qxd6+ Ka8 32. Rhe1 Rfe2 33. Rxe2 Qxe2 34. Rd2 Qf1+ 35. Kb2 g5 36. Qg3 Qf6+ 37. Qc3 Qf4 38. Rd4 Qxh2 39. Qd3 Qe5 40. Kb1 h5 41. Rd5 Qe1+ 42. Kb2 Qe7 43. Qf5 Rg8 44. Re5 Qg7 45. c3 g4 46. Qxh5 g3 47. Re1 g2 48. Re8+ Rxe8 49. Qxe8+ Ka7 50. Qe3+ b6 51. Qg1 Qg3 52. Ka3 Qf3 53. Qh2 a5 54. Qc7+ Ka6 55. Qc8+ Qb7 56. Qc4+ Ka7 57. Qg4 Qe7+ 58. b4 axb4+ 59. cxb4 Qe3+ 60. Ka4 g1Q 61. Qd7+ Kb8 62. Qd8+ Kb7 63. Qd7+ Kb8 64. Qd8+ Ka7 65. Qd7+ Kb8 1/2-1/2

[Event "Titled Tuesday intern op 12th Mar Early"]
[Site "Chess.com INT"]
[Date "2024.03.12"]
[Round "8"]
[White "Oro, Faustino"]
[Black "Rozman, Levy"]
[Result "1-0"]
[WhiteElo "2330"]
[BlackElo "2322"]
[PlyCount "115"]
[EventDate "2024.03.12"]
[EventType "swiss (blitz)"]
[EventRounds "11"]
[EventCountry "USA"]
[SourceTitle "CB12_2024"]
[SourceDate "2023.10.01"]
[SourceVersion "1"]
[SourceVersionDate "2023.10.01"]
[SourceQuality "1"]

1. Nf3 g6 2. e4 Bg7 3. d4 d6 4. Bc4 a6 5. 0-0 Nc6 6. h3 Nf6 7. Qe2 0-0 8. c3 e5 9. dxe5 dxe5 10. Rd1 Qe7 11. Nbd2 b5 12. Bb3 Na5 13. Bc2 Bb7 14. b4 Nc6 15. a4 Na7 16. Nb3 Rfd8 17. Nc5 Bc6 18. Bg5 Rxd1+ 19. Rxd1 h6 20. Bxf6 Bxf6 21. Ra1 a5 22. axb5 Nxb5 23. Qc4 Nd6 24. Qd3 axb4 25. Rxa8+ Bxa8 26. cxb4 Bc6 27. Ba4 Qe8 28. Bxc6 Qxc6 29. Nd2 Be7 30. Ndb3 Qb6 31. Qc3 f6 32. Nd2 Qc6 33. Qb3+ Nf7 34. Nd3 Qd7 35. Nc4 Qd4 36. Ne3 Qxe4 37. Nd5 Bd8 38. Nc5 Qe1+ 39. Kh2 Qxf2 40. Ne6 Qd2 41. Nxd8 Nxd8 42. Nxf6+ Kg7 43. Ne8+ Kf8 44. Nxc7 Qf4+ 45. Qg3 Kf7 46. Nd5 Qxg3+ 47. Kxg3 Ke6 48. Ne3 Nc6 49. b5 Nd4 50. b6 Kd6 51. Nc4+ Kc6 52. Nxe5+ Kxb6 53. Nxg6 Kc7 54. Kg4 Ne2 55. Kh5 Nd4 56. Kxh6 Nf5+ 57. Kg5 Ne3 58. g4 1-0

[Event "Titled Tuesday intern op 12th Mar Early"]
[Site "Chess.com INT"]
[Date "2024.03.12"]
[Round "3"]
[White "Plyasunov, Daniil"]
[Black "Oro, Faustino"]
[Result "0-1"]
[WhiteElo "2241"]
[BlackElo "2330"]
[PlyCount "88"]
[EventDate "2024.03.12"]
[EventType "swiss (blitz)"]
[EventRounds "11"]
[EventCountry "USA"]
[SourceTitle "CB12_2024"]
[SourceDate "2023.10.01"]
[SourceVersion "1"]
[SourceVersionDate "2023.10.01"]
[SourceQuality "1"]

1. e4 e5 2. Nf3 Nc6 3. Bb5 a6 4. Ba4 Nf6 5. 0-0 b5 6. Bb3 Bc5 7. d3 0-0 8. a4 Rb8 9. Bg5 h6 10. Bxf6 Qxf6 11. axb5 axb5 12. Nc3 d6 13. Nd5 Qd8 14. h3 Kh8 15. c3 f5 16. exf5 Bxf5 17. d4 exd4 18. Nxd4 Nxd4 19. cxd4 Bb6 20. Nxb6 Rxb6 21. Qh5 c5 22. dxc5 dxc5 23. Rad1 Qf6 24. Rd2 c4 25. Bd1 b4 26. Bg4 Bg6 27. Qc5 c3 28. bxc3 bxc3 29. Rdd1 Rc6 30. Qe3 c2 31. Rc1 Rd8 32. Rfe1 Kh7 33. Bf3 Rc3 34. Qe2 Rb8 35. Be4 Rbc8 36. Qg4 Bxe4 37. Qxe4+ Kh8 38. Re2 R3c4 39. Rcxc2 Qa1+ 40. Kh2 Qa4 41. Rxc4 Qxc4 42. Qe5 Qf7 43. Qf4 Qxf4+ 44. g3 Qf3 0-1

[Event "Titled Tuesday intern op 06th Feb Late"]
[Site "Chess.com INT"]
[Date "2024.02.06"]
[Round "10"]
[White "Oro, Faustino"]
[Black "Hakobyan, Aram"]
[Result "0-1"]
[WhiteElo "2357"]
[BlackElo "2619"]
[PlyCount "162"]
[EventDate "2024.02.06"]
[EventType "swiss (blitz)"]
[EventRounds "11"]
[EventCountry "USA"]
[SourceTitle "CB07_2024"]
[SourceDate "2024.02.14"]
[SourceVersion "1"]
[SourceVersionDate "2024.02.14"]
[SourceQuality "1"]

1. e4 e5 2. Nf3 Nc6 3. Bb5 a6 4. Ba4 d6 5. 0-0 Bd7 6. c3 Nge7 7. d4 Ng6 8. h3 Be7 9. Re1 0-0 10. Bc2 Bf6 11. Be3 Re8 12. d5 Nce7 13. c4 b6 14. Nc3 a5 15. Ba4 Rf8 16. Bxd7 Qxd7 17. b3 Nh4 18. Nd2 h6 19. g3 Nhg6 20. Kg2 Bg5 21. Bxg5 hxg5 22. Nf3 f6 23. Nh2 f5 24. exf5 Nxf5 25. Ne4 Nd4 26. Nxg5 Qf5 27. Ne4 Rf7 28. Rc1 a4 29. b4 a3 30. Rb1 Ne7 31. Qg4 Ra4 32. Qxf5 Nexf5 33. Nc3 Ra8 34. Ng4 Nh6 35. Nxh6+ gxh6 36. Ne4 Ra4 37. Rec1 Kh7 38. Nc3 Ra8 39. Rd1 h5 40. Ne4 Rg8 41. h4 Kh6 42. c5 Nf5 43. Kh2 Rg4 44. Ng5 Rf6 45. cxd6 cxd6 46. Rd2 Nxh4 47. gxh4 Rxh4+ 48. Nh3 Rf3 49. Kg2 Rhxh3 50. Rc2 Rc3 51. Rbc1 Rxc2 52. Rxc2 Rd3 53. Rc6 Rxd5 54. Rxb6 Rd2 55. b5 Kg5 56. Rb8 Rxa2 57. b6 Rb2 58. b7 Kh4 59. Ra8 Rxb7 60. Ra4+ Kg5 61. Rxa3 d5 62. Kf3 Kf5 63. Ra8 Rb3+ 64. Ke2 d4 65. Rf8+ Ke4 66. f3+ Kd5 67. Rd8+ Kc4 68. Rc8+ Kb4 69. Re8 Re3+ 70. Kf2 Kc3 71. Rh8 e4 72. fxe4 Rxe4 73. Rxh5 d3 74. Rc5+ Kd2 75. Rc8 Re7 76. Rc6 Rf7+ 77. Kg3 Ke1 78. Re6+ Kd1 79. Rd6 d2 80. Re6 Rf5 81. Kg4 Rc5 0-1

[Event "Titled Tuesday intern op 06th Feb Late"]
[Site "Chess.com INT"]
[Date "2024.02.06"]
[Round "5"]
[White "Oro, Faustino"]
[Black "Mardov, Dimitar"]
[Result "1/2-1/2"]
[WhiteElo "2357"]
[BlackElo "2457"]
[PlyCount "234"]
[EventDate "2024.02.06"]
[EventType "swiss (blitz)"]
[EventRounds "11"]
[EventCountry "USA"]
[SourceTitle "CB07_2024"]
[SourceDate "2024.02.14"]
[SourceVersion "1"]
[SourceVersionDate "2024.02.14"]
[SourceQuality "1"]

1. d4 Nf6 2. Nf3 e6 3. Bg5 d5 4. e3 Be7 5. Bd3 h6 6. Bh4 c5 7. c3 Nc6 8. 0-0 b6 9. Nbd2 0-0 10. a4 Bb7 11. Qe2 Qc7 12. Bg3 Bd6 13. Bxd6 Qxd6 14. e4 dxe4 15. Nxe4 Nxe4 16. Qxe4 f5 17. Qe3 cxd4 18. cxd4 Rad8 19. Bc4 Nxd4 20. Nxd4 Qxd4 21. Bxe6+ Kh7 22. Qxd4 Rxd4 23. Rfd1 Rg4 24. g3 Rb4 25. b3 Re4 26. Bd5 Bxd5 27. Rxd5 Rb4 28. Rd7 a5 29. Rd3 f4 30. Kg2 f3+ 31. Kf1 Rf5 32. Re1 g5 33. h3 h5 34. Re7+ Kg6 35. Rd6+ Rf6 36. Rxf6+ Kxf6 37. Re3 g4 38. hxg4 hxg4 39. Ke1 Rd4 40. Rc3 Kf5 41. Rc6 Rb4 42. Rc3 Re4+ 43. Kf1 Ke5 44. Rc6 Rb4 45. Rc3 Kd5 46. Ke1 Re4+ 47. Kf1 Re2 48. Rd3+ Kc5 49. Rc3+ Kb4 50. Rc4+ Kxb3 51. Rxg4 Ra2 52. Ke1 Re2+ 53. Kd1 Ra2 54. Rg6 Rxf2 55. Rxb6+ Kxa4 56. g4 Rg2 57. Rf6 Rg3 58. g5 Kb3 59. g6 a4 60. g7 Rg1+ 61. Kd2 Rxg7 62. Rxf3+ Kb2 63. Rf6 Rd7+ 64. Ke2 a3 65. Rb6+ Ka2 66. Rb5 Ka1 67. Rb6 a2 68. Rb5 Rd4 69. Rb6 Rd5 70. Rb4 Rd7 71. Rb5 Rd4 72. Rb6 Rh4 73. Kd2 Rh1 74. Kc2 Rb1 75. Rd6 Rb2+ 76. Kc3 Rb8 77. Kc2 Rc8+ 78. Kd2 Rc5 79. Rb6 Rc8 80. Rb5 Rc7 81. Rb6 Rc4 82. Rb7 Rh4 83. Kc2 Rh2+ 84. Kc1 Rh1+ 85. Kc2 Rb1 86. Re7 Rb2+ 87. Kc1 Rb8 88. Kc2 Rc8+ 89. Kd2 Kb2 90. Rb7+ Ka3 91. Ra7+ Kb3 92. Rb7+ Ka3 93. Ra7+ Kb2 94. Rb7+ Ka1 95. Rb6 Rc5 96. Rb7 Rc4 97. Rb6 Rh4 98. Kc2 Rf4 99. Rb7 Rf2+ 100. Kc1 Rf1+ 101. Kc2 Rb1 102. Re7 Rb2+ 103. Kc1 Rb6 104. Kc2 Rc6+ 105. Kd2 Rb6 106. Kc2 Rc6+ 107. Kd2 Rc5 108. Rb7 Rc6 109. Rb8 Rc7 110. Rb6 Rh7 111. Kc2 Rh2+ 112. Kc1 Rh4 113. Rb8 Rc4+ 114. Kd2 Rc6 115. Rb7 Rh6 116. Kc2 Rf6 117. Rb8 Rf2+ 1/2-1/2

[Event "Titled Tuesday intern op 06th Feb Early"]
[Site "Chess.com INT"]
[Date "2024.02.06"]
[Round "10"]
[White "Oro, Faustino"]
[Black "Shubenkova, Veronika"]
[Result "1-0"]
[WhiteElo "2357"]
[BlackElo "2007"]
[PlyCount "79"]
[EventDate "2024.02.06"]
[EventType "swiss (blitz)"]
[EventRounds "11"]
[EventCountry "USA"]
[SourceTitle "CB07_2024"]
[SourceDate "2024.02.14"]
[SourceVersion "1"]
[SourceVersionDate "2024.02.14"]
[SourceQuality "1"]

1. Nf3 d5 2. g3 Nf6 3. Bg2 g6 4. 0-0 Bg7 5. d3 0-0 6. Nbd2 c5 7. e4 d4 8. a4 Nc6 9. Nc4 Bg4 10. h3 Bxf3 11. Bxf3 Nd7 12. Bg2 e5 13. f4 f5 14. exf5 Rxf5 15. Nd6 Rf6 16. Ne4 Rf8 17. fxe5 Ndxe5 18. Nxc5 Qe7 19. Ne4 Rxf1+ 20. Qxf1 Rf8 21. Qe2 h6 22. Bf4 g5 23. Bd2 Ng6 24. Rf1 Rxf1+ 25. Qxf1 Be5 26. Qf5 Kg7 27. Kf2 Qc7 28. c3 Nce7 29. Qe6 dxc3 30. bxc3 Qd8 31. d4 Bc7 32. Nc5 Qf8+ 33. Bf3 Bb8 34. Nd7 Qc8 35. Qf6+ Kh7 36. Qf7+ Kh8 37. Nf6 Bxg3+ 38. Kxg3 Qb8+ 39. Kg2 Nh4+ 40. Kf1 1-0

[Event "Jeddah YM 1st"]
[Site "Jeddah"]
[Date "2024.01.30"]
[Round "9"]
[White "Oro, Faustino"]
[Black "Rey Martinez, Jaime"]
[Result "0-1"]
[WhiteElo "2357"]
[BlackElo "2342"]
[PlyCount "66"]
[EventDate "2024.01.24"]
[EventType "tourn"]
[EventRounds "9"]
[EventCountry "SAU"]
[EventCategory "10"]
[SourceTitle "CB06_2024"]
[SourceDate "2024.02.07"]
[SourceVersion "1"]
[SourceVersionDate "2024.02.07"]
[SourceQuality "1"]

1. Nf3 c5 2. c4 g6 3. g3 Bg7 4. Bg2 Nc6 5. Nc3 d6 6. 0-0 e5 7. d3 Nge7 8. a3 0-0 9. Rb1 f5 10. Ne1 a5 11. Nc2 Be6 12. Bg5 Qd7 13. Ne3 f4 14. Bxe7 Nxe7 15. Ned5 Rab8 16. b4 axb4 17. axb4 Nxd5 18. Nxd5 b5 19. bxc5 dxc5 20. e3 Kh8 21. exf4 Bxd5 22. Bxd5 exf4 23. Kg2 b4 24. Be4 Bd4 25. Rb3 Rf6 26. f3 Ra6 27. Re1 Ra2+ 28. Re2 Ra1 29. Rb1 Rxb1 30. Qxb1 b3 31. Bd5 b2 32. Re6 Qxe6 33. Bxe6 Ra8 0-1

[Event "Jeddah YM 1st"]
[Site "Jeddah"]
[Date "2024.01.25"]
[Round "3"]
[White "Woodward, Andy"]
[Black "Oro, Faustino"]
[Result "1-0"]
[WhiteElo "2501"]
[BlackElo "2357"]
[PlyCount "69"]
[EventDate "2024.01.24"]
[EventType "tourn"]
[EventRounds "9"]
[EventCountry "SAU"]
[EventCategory "10"]
[SourceTitle "CB06_2024"]
[SourceDate "2024.02.07"]
[SourceVersion "1"]
[SourceVersionDate "2024.02.07"]
[SourceQuality "1"]

1. d4 Nf6 2. c4 e6 3. g3 d5 4. Bg2 Be7 5. Nf3 0-0 6. Nc3 a5 7. 0-0 c6 8. Bf4 Nbd7 9. Ne5 dxc4 10. Nxc4 Nd5 11. Rc1 Nxf4 12. gxf4 Nf6 13. e3 Nd5 14. Ne5 f6 15. Nd3 Bd7 16. Qb3 b6 17. f5 Nxc3 18. Rxc3 a4 19. Qc2 exf5 20. Bxc6 Bxc6 21. Rxc6 Bd6 22. Qc4+ Kh8 23. Qe6 Bb8 24. Rfc1 Re8 25. Qxf5 Ra5 26. Qc8 Rg5+ 27. Kf1 Bxh2 28. Qxd8 Rxd8 29. Rxb6 h5 30. Ke2 Bd6 31. Nc5 Rg4 32. Nb7 Rb8 33. Rb5 Bf8 34. Rxh5+ Kg8 35. Rb5 1-0

[Event "Wch Blitz"]
[Site "Samarkand"]
[Date "2023.12.30"]
[Round "17"]
[White "O'Gorman, Tom"]
[Black "Oro, Faustino"]
[Result "1-0"]
[WhiteElo "2322"]
[BlackElo "2357"]
[PlyCount "75"]
[EventDate "2023.12.29"]
[EventType "swiss (blitz)"]
[EventRounds "21"]
[EventCountry "UZB"]
[SourceTitle "CB01_2024"]
[SourceDate "2024.01.03"]
[SourceVersion "1"]
[SourceVersionDate "2024.01.03"]
[SourceQuality "1"]

1. e4 e5 2. Nf3 Nc6 3. Bb5 a6 4. Ba4 Nf6 5. 0-0 b5 6. Bb3 Bc5 7. c3 d6 8. d4 Bb6 9. a4 Rb8 10. axb5 axb5 11. Na3 Bg4 12. Nxb5 0-0 13. d5 Ne7 14. Bc2 Ng6 15. Na7 Bxa7 16. Rxa7 Nh4 17. Bg5 Nxf3+ 18. gxf3 Bh3 19. Re1 Rxb2 20. Qc1 Rb8 21. Kh1 Kh8 22. Rg1 Rg8 23. f4 Qd7 24. f5 Nh5 25. Qd1 g6 26. Qf3 f6 27. Bd2 gxf5 28. Rxg8+ Rxg8 29. Qxh3 Qg7 30. Ra1 Qg6 31. exf5 Qf7 32. Be4 Ng7 33. c4 Rb8 34. Rg1 Rb2 35. Bh6 Ne8 36. Bf3 Rxf2 37. Bh5 Qe7 38. Qg3 1-0

[Event "Wch Blitz"]
[Site "Samarkand"]
[Date "2023.12.30"]
[Round "18"]
[White "Oro, Faustino"]
[Black "Amangeldy, Ernur"]
[Result "1-0"]
[WhiteElo "2357"]
[BlackElo "2134"]
[PlyCount "109"]
[EventDate "2023.12.29"]
[EventType "swiss (blitz)"]
[EventRounds "21"]
[EventCountry "UZB"]
[SourceTitle "CB01_2024"]
[SourceDate "2024.01.03"]
[SourceVersion "1"]
[SourceVersionDate "2024.01.03"]
[SourceQuality "1"]

1. e4 c5 2. Nf3 d6 3. c3 Nf6 4. h3 g6 5. Bd3 Bg7 6. 0-0 0-0 7. Bc2 Nc6 8. d4 cxd4 9. cxd4 d5 10. e5 Ne4 11. Nbd2 Bf5 12. Nb3 f6 13. exf6 exf6 14. Be3 Nb4 15. Bb1 Nd6 16. Bxf5 Nxf5 17. Bd2 Nc6 18. Re1 Re8 19. Bc3 Nd6 20. Nc5 b6 21. Nd3 Ne4 22. Qb3 Qd6 23. Rac1 Rac8 24. Bb4 Qd7 25. Nf4 Nxb4 26. Rxc8 Qxc8 27. Qxb4 Qc4 28. Qa3 a5 29. b3 Qc6 30. Qa4 b5 31. Qxa5 Ra8 32. Nxd5 Qxd5 33. Qc7 Rd8 34. Rc1 Qd7 35. Qb6 Nd6 36. Rc7 Qe6 37. Qc6 Qe4 38. Qc5 Nf7 39. Qa7 Qd5 40. a4 bxa4 41. bxa4 Bh6 42. a5 Bf4 43. Re7 Rc8 44. a6 Rc1+ 45. Ne1 Bd6 46. Re8+ Kg7 47. Qb6 Ra1 48. a7 Ng5 49. Qb8 Qf5 50. Qxd6 Nxh3+ 51. gxh3 Qg5+ 52. Qg3 Qb5 53. Re7+ Kh6 54. Qh4+ Qh5 55. Qxh5+ 1-0

[Event "Wch Blitz"]
[Site "Samarkand"]
[Date "2023.12.30"]
[Round "20"]
[White "Oro, Faustino"]
[Black "Kakabayaev, Mergen"]
[Result "1-0"]
[WhiteElo "2357"]
[BlackElo "2266"]
[PlyCount "62"]
[EventDate "2023.12.29"]
[EventType "swiss (blitz)"]
[EventRounds "21"]
[EventCountry "UZB"]
[SourceTitle "CB01_2024"]
[SourceDate "2024.01.03"]
[SourceVersion "1"]
[SourceVersionDate "2024.01.03"]
[SourceQuality "1"]

1. Nf3 Nf6 2. b3 g6 3. Bb2 Bg7 4. g3 b5 5. Bg2 Bb7 6. 0-0 0-0 7. c4 b4 8. d4 d6 9. Nbd2 Nbd7 10. a3 a5 11. Qc2 c5 12. d5 Re8 13. e4 e6 14. axb4 axb4 15. Rxa8 Bxa8 16. Ra1 Bb7 17. Qd3 Nxe4 18. Nxe4 Bxb2 19. Ra7 Qb6 20. Rxb7 Qxb7 21. Nxd6 Qb8 22. Nxe8 Qxe8 23. Nd2 exd5 24. Bxd5 Qe1+ 25. Nf1 Ne5 26. Qe4 Qxe4 27. Bxe4 Bd4 28. Kg2 Kg7 29. h3 Kf6 30. f4 Nd7 31. Kf3 h6 1-0

[Event "Wch Blitz"]
[Site "Samarkand"]
[Date "2023.12.30"]
[Round "15"]
[White "Xue, Haowen"]
[Black "Oro, Faustino"]
[Result "1-0"]
[WhiteElo "2455"]
[BlackElo "2357"]
[PlyCount "73"]
[EventDate "2023.12.29"]
[EventType "swiss (blitz)"]
[EventRounds "21"]
[EventCountry "UZB"]
[SourceTitle "CB01_2024"]
[SourceDate "2024.01.03"]
[SourceVersion "1"]
[SourceVersionDate "2024.01.03"]
[SourceQuality "1"]

1. c4 e5 2. Nc3 Nf6 3. Nf3 Nc6 4. a3 d5 5. cxd5 Nxd5 6. Qc2 Nxc3 7. dxc3 Bd6 8. e4 0-0 9. Bg5 Qe8 10. Bd3 f6 11. Be3 Be6 12. Nh4 Rd8 13. Nf5 b6 14. 0-0 Ne7 15. Nxd6 cxd6 16. f3 f5 17. Kh1 Qh5 18. a4 d5 19. exd5 Nxd5 20. Rae1 Rde8 21. Bg1 f4 22. Bb5 Re7 23. c4 Nf6 24. c5 Bd5 25. cxb6 axb6 26. Bc4 Kh8 27. Bxd5 Nxd5 28. Qc4 Qf7 29. Re2 h6 30. Rd1 Rd8 31. Bxb6 Rdd7 32. Bg1 Qe6 33. Red2 Rc7 34. Qxd5 Qg6 35. Qe4 Qa6 36. Rd8+ Re8 37. Rxe8# 1-0

[Event "Wch Blitz"]
[Site "Samarkand"]
[Date "2023.12.29"]
[Round "8"]
[White "Oro, Faustino"]
[Black "Pingin, Artem"]
[Result "0-1"]
[WhiteElo "2357"]
[BlackElo "2419"]
[PlyCount "80"]
[EventDate "2023.12.29"]
[EventType "swiss (blitz)"]
[EventRounds "21"]
[EventCountry "UZB"]
[SourceTitle "CB01_2024"]
[SourceDate "2024.01.03"]
[SourceVersion "1"]
[SourceVersionDate "2024.01.03"]
[SourceQuality "1"]

1. Nf3 d5 2. g3 c5 3. Bg2 Nf6 4. 0-0 e6 5. d4 cxd4 6. Nxd4 e5 7. Nb3 Be6 8. c4 Nc6 9. cxd5 Nxd5 10. Bd2 Be7 11. Nc3 Nxc3 12. Bxc3 Qc7 13. Rc1 0-0 14. Qd3 Rad8 15. Qb5 a6 16. Qa4 Qb8 17. Rfd1 Rc8 18. Na5 Nxa5 19. Qxa5 Rc5 20. Qb6 Rb5 21. Qe3 Bxa2 22. Rd7 Bc5 23. Qf3 b6 24. Rcd1 Be6 25. Rb7 Qc8 26. Bxe5 Bxf2+ 27. Qxf2 Rxe5 28. Rxb6 Qc2 29. Re1 a5 30. Bf3 h5 31. Qd4 Qf5 32. Rc1 Qf6 33. Qf4 Rf5 34. Qe4 Rd8 35. Kg2 Qg5 36. Rc7 Bd5 37. Qh4 Bxf3+ 38. exf3 Rd2+ 39. Kh3 Qxh4+ 40. gxh4 Rxf3# 0-1